| 000 | 00702nam a22002417a 4500 | ||
|---|---|---|---|
| 999 |
_c3738 _d3738 |
||
| 003 | AR-CdUCM | ||
| 008 | 190307b ||||| |||| 00| 0 spa d | ||
| 020 | _a84-8280-706-4 | ||
| 040 |
_aMUNICIPALIDAD PROVINCIAL DEL CUSCO _cBIBLIOTECA MUNICIPAL DEL CUSCO |
||
| 041 | _heng. | ||
| 082 |
_a808.8 / _bF57 |
||
| 100 |
_aFleming, Ian Lancaster _912089 |
||
| 245 | _aDesde Rusia con amor / | ||
| 260 |
_bEdit. La oveja negra, _c1984. |
||
| 300 |
_a200 paginas ; _c19 cm. |
||
| 505 | _aContenido :Novela inglesa / | ||
| 650 |
_aNovelas inglesas _91158 |
||
| 650 |
_aNovelas de espĂas _912090 |
||
| 650 |
_aSiglo XX _98 |
||
| 700 |
_aM.L.M (traductor) _912091 |
||
| 942 |
_2ddc _cLIBROS |
||
| 945 | _arjall | ||